000 00496nam a2200133 a 4500
008 120416s0000 ||||||||||||||||| || u
020 _a0521478529
050 _aTL 671.4 Vin
100 _aVinh, Nguyen X
245 1 0 _aFlight mechanics of high-performance aircraft
260 _aCambridge
_bThe University Press
_c1993
350 _a0.00
995 _D0.00
_FCBU-MAIN LIBRARY (Kitwe)
_H1
_I11.50
_M1
_UAVAILABLE
_ZMain Library Open Access Collection
999 _c43627
_d43627